Zumos y batidos a gogó /

Colección de recetarios cuya característica común es la presentación colorida y llamativa de los productos, a semejanza de la estética sesentera del siglo pasado.

Enregistré dans:
Détails bibliographiques
Auteur principal: Blake, Susannah (autor)
Format: Livre
Langue:espagnol
Publié: Madrid, España : Pearson : Alhambra, 2009, c2009
Collection:(Cocina a Gogó)
Sujets:
Tags: Ajouter un tag
Pas de tags, Soyez le premier à ajouter un tag!

MARC

LEADER 00000nam^a2200000^a^4500
001 000327578
005 20250521000000.0
008 130213 20092009
009 20260310113841.174
020 |a 978-84-205-5704-5 
037 |a Acervo ITESO - Biblioteca 
041 |a ESP 
082 |a 641. 5  |b COC V. 4 
100 |a Blake, Susannah  |e (autor) 
245 1 0 |a Zumos y batidos a gogó /  |c S. Blake ; tr. por BGA Traducciones. 
264 4 |a Madrid, España :  |b Pearson :  |b Alhambra,  |c 2009, c2009 
300 |a 192 p. 
336 |a texto  |b txt  |2 rdacontenido 
337 |a sin mediación  |b n  |2 rdamedio 
338 |a volumen  |b nc  |2 rdasoporte 
440 1 |a (Cocina a Gogó) 
500 |a Traducción de: Juices and Smoothies Galore 
520 |a Colección de recetarios cuya característica común es la presentación colorida y llamativa de los productos, a semejanza de la estética sesentera del siglo pasado. 
649 |a XX 
650 |a Recetarios -  |x Tema Principal 
650 |a Jugos -  |x Recetarios -  |x Tema Principal 
650 |a Malteada -  |x Recetarios -  |x Tema Principal 
650 |a Refrescos y Bebidas No Alcohólicas -  |x Recetarios 
650 |a Bebidas -  |x Recetarios 
650 |a Cocina -  |x Recetarios 
650 |a Gastronomía 
910 |a Fondo General 
920 |a Impresos - Libros 
930 |a Reserva Especial 
905 |a 103 
901 |a 0500217117  |b IT1  |c REE  |i C134959  |u 20250521 
902 |a https://opac.biblio.iteso.mx/vufind/Record/000327578